|
|
|
|
| LEADER |
01614cas a2200241 a 4500 |
| 001 |
AALejournalIMF004161 |
| 008 |
230101c9999 xx r poo 0 0eng d |
| 020 |
|
|
|c 5.00 USD
|
| 020 |
|
|
|z 9781451801866
|
| 022 |
|
|
|a 1934-7685
|
| 040 |
|
|
|a BD-DhAAL
|c BD-DhAAL
|
| 110 |
2 |
|
|a International Monetary Fund.
|
| 245 |
1 |
0 |
|a Antigua and Barbuda :
|b Staff Report for the 2005 Article IV Consultation.
|
| 264 |
|
1 |
|a Washington, D.C. :
|b International Monetary Fund,
|c 2006.
|
| 300 |
|
|
|a 1 online resource (65 pages)
|
| 490 |
1 |
|
|a IMF Staff Country Reports
|
| 500 |
|
|
|a <strong>Off-Campus Access:</strong> No User ID or Password Required
|
| 500 |
|
|
|a <strong>On-Campus Access:</strong> No User ID or Password Required
|
| 506 |
|
|
|a Electronic access restricted to authorized BRAC University faculty, staff and students
|
| 520 |
3 |
|
|a This 2005 Article IV Consultation highlights that data for the first half of 2005 point to a widening fiscal deficit for Antigua and Barbuda. A combination of a reduction in capital spending and some improvement in revenues following a tightening of the concessions regime resulted in a closing of the primary deficit to 1 1\2 percent of GDP in 2004. Revenues have performed well following the reintroduction of the personal income tax. The external current account deficit has narrowed to about 11 percent of GDP, financed by foreign direct investment.
|
| 538 |
|
|
|a Mode of access: Internet
|
| 830 |
|
0 |
|a IMF Staff Country Reports; Country Report ;
|v No. 2006/145
|
| 856 |
4 |
0 |
|z Full text available on IMF
|u http://elibrary.imf.org/view/journals/002/2006/145/002.2006.issue-145-en.xml
|z IMF e-Library
|